000 00459nam a2200193Ia 4500
008 240510s9999 xx 000 0 und d
020 _a0000130369977
041 _aEng
082 _a005.73
082 _bL15
100 _aLANGSAM Y. (ET-AL)
245 0 _aDATA STRUCTURES USING C AND C++
260 _bNEW JERSEY : PRINTICE HALL
260 _c1990
300 _a672 p.
650 _aDATA STRUCTURES : C++ : TURBO C
942 _2ddc
942 _cLBK
999 _c24632
_d24632
945 _a1
_bMadushi Gamage
_c1
_dMadushi Gamage